| 000 | 00483cam a22001577a 4500 | ||
|---|---|---|---|
| 008 | 180718b2003 xxu||||| |||| 00| 0 eng d | ||
| 020 | _a0787965618 | ||
| 082 | _aB3 R134 2003 | ||
| 100 | _aRainey, Hal G. | ||
| 245 |
_aUnderstanding and managing public organizations _cby Hal G. Rainey |
||
| 250 | _a3rd ed. | ||
| 260 |
_aSan Francisco _bJossey-Bass _c2003 |
||
| 300 | _a484p. | ||
| 440 | _aThe Jossey Bass nonprofit and public management series | ||
| 650 | _aPublic administration. | ||
| 999 |
_c401878 _d401878 |
||